000 00807nam a2200265 a 4500
001 58469
003 BD-RjUL
005 20211209080627.0
008 161218s1981 enk 001 0 eng
020 _a0198761244
035 _a(BD-RjUL)58593
040 _aDLC
_cDLC
_dBD-RjUL
_beng
041 _aeng
082 0 0 _a323.4
_223
_bBAS 1985
245 1 0 _aBasic documents on human rights /
_cedited by Ian Brownlie
250 _a2nd ed.
260 _aNew York :
_bOxford University Press,
_c1981 [reprinted 1985]
300 _ax, 505 p. ;
_c25 cm.
500 _aIncludes index.
650 0 _aHuman rights.
_9144669
700 1 _aBrownlie, Ian.
_9139817
856 4 2 _3Publisher description
_uhttp://www.loc.gov/catdir/enhancements/fy0639/92009841-d.html
942 _2ddc
_cBK
999 _c58469
_d58469